| 000 | 01077nam a2200361Ia 4500 | ||
|---|---|---|---|
| 003 | OSt | ||
| 005 | 20220912144729.0 | ||
| 006 | a|||||r|||| 00| 0 | ||
| 007 | ta | ||
| 008 | 220909b |||||||| |||| 00| 0 eng d | ||
| 020 | _a9781118341483 (hbk) | ||
| 020 | _aSL01560405 | ||
| 024 | _a189016 | ||
| 037 | _b752, 03/09/2013, The Book Seller | ||
| 037 | _cTextbook | ||
| 040 |
_aCSL _beng _cCSL |
||
| 041 | _aeng | ||
| 082 | _aD65,8(B):7, Q3 TD | ||
| 100 | _aSauter Martin | ||
| 245 | 0 | _a3G,4G and beyond : bringing networks, devices and the web together | |
| 250 | _a2 | ||
| 260 |
_aWest Sessex _bWiley _c2013 |
||
| 300 | _axii,365p. | ||
| 500 | _aInclude bibliographical references.; Index 361-365p. | ||
| 650 | _a Mobile communication system | ||
| 650 | _a Smart system | ||
| 650 | _a Wireless communication system | ||
| 650 | _a Wireless network | ||
| 650 | _aComputer Science | ||
| 700 | _aSauter Martin | ||
| 942 |
_hD65,8(B):7, Q3 TD _cTB _2CC |
||
| 999 |
_c16851 _d16851 |
||